Sports Quiz

Random Sports Quiz

Top XIs: Girondins de Bordeaux Quiz Stats

 Plays Quiz not verified by Sporcle

Challenge
Share
Tweet
Embed
Score 0/198 Timer 20:00
0 Plays Today
Season Player % Correct
2009-10Cédric Carrasso
98.3%
2010-11Cédric Carrasso
98.3%
2011-12Cédric Carrasso
98.3%
2012-13Cédric Carrasso
98.3%
2013-14Cédric Carrasso
98.3%
2014-15Cédric Carrasso
98.3%
2015-16Cédric Carrasso
98.3%
2016-17Cédric Carrasso
98.3%
2000-01Ulrich Ramé
96.1%
2001-02Ulrich Ramé
96.1%
2002-03Ulrich Ramé
96.1%
2003-04Ulrich Ramé
96.1%
2004-05Ulrich Ramé
96.1%
2005-06Ulrich Ramé
96.1%
2006-07Ulrich Ramé
96.1%
2007-08Ulrich Ramé
96.1%
2008-09Ulrich Ramé
96.1%
2008-09Yoann Gourcuff
95.3%
2009-10Yoann Gourcuff
95.3%
2003-04Marouane Chamakh
95%
2004-05Marouane Chamakh
95%
2005-06Marouane Chamakh
95%
2006-07Marouane Chamakh
95%
2007-08Marouane Chamakh
95%
2008-09Marouane Chamakh
95%
2009-10Marouane Chamakh
95%
2009-10Jaroslav Plašil
92.8%
2010-11Jaroslav Plašil
92.8%
2011-12Jaroslav Plašil
92.8%
2012-13Jaroslav Plašil
92.8%
2014-15Jaroslav Plašil
92.8%
2015-16Jaroslav Plašil
92.8%
2016-17Jaroslav Plašil
92.8%
2003-04Marc Planus
92%
2004-05Marc Planus
92%
2005-06Marc Planus
92%
2006-07Marc Planus
92%
2007-08Marc Planus
92%
2008-09Marc Planus
92%
2009-10Marc Planus
92%
2011-12Marc Planus
92%
2012-13Marc Planus
92%
2009-10Benoît Trémoulinas
90.3%
2010-11Benoît Trémoulinas
90.3%
2011-12Benoît Trémoulinas
90.3%
2012-13Benoît Trémoulinas
90.3%
2017-18Benoît Costil
89.6%
2006-07Wendel
88.1%
2007-08Wendel
88.1%
2008-09Wendel
88.1%
2009-10Wendel
88.1%
2010-11Wendel
88.1%
2007-08Alou Diarra
87.8%
2008-09Alou Diarra
87.8%
2009-10Alou Diarra
87.8%
2010-11Alou Diarra
87.8%
2013-14Cheick Diabaté
87.5%
2007-08Souleymane Diawara
87%
2008-09Souleymane Diawara
87%
2008-09Fernando Cavenaghi
87%
2017-18Malcom
86.4%
2007-08Matthieu Chalmé
85.6%
2008-09Matthieu Chalmé
85.6%
2009-10Matthieu Chalmé
85.6%
2000-01Pauleta
84.5%
2001-02Pauleta
84.5%
Season Player % Correct
2002-03Pauleta
84.5%
2005-06Fernando
84.5%
2006-07Fernando
84.5%
2007-08Fernando
84.5%
2008-09Fernando
84.5%
2009-10Fernando
84.5%
2010-11Fernando
84.5%
2000-01Lilian Laslandes
84.3%
2016-17Jérémy Toulalan
84.2%
2016-17Malcom
83.7%
2002-03Jean-Claude Darcheville
81.5%
2005-06Jean-Claude Darcheville
81.4%
2003-04Franck Jurietti
81.2%
2004-05Franck Jurietti
81.2%
2005-06Franck Jurietti
81.2%
2006-07Franck Jurietti
81.2%
2007-08Franck Jurietti
81.2%
2008-09Franck Jurietti
81.2%
2014-15Diego Contento
78.4%
2015-16Diego Contento
78.4%
2016-17Diego Contento
78.4%
2009-10Mickaël Ciani
77.8%
2010-11Mickaël Ciani
77.8%
2011-12Mickaël Ciani
77.8%
2017-18Jérémy Toulalan
77.6%
2017-18François Kamano
76.8%
2014-15Nicolas Pallois
75.3%
2015-16Nicolas Pallois
75.3%
2016-17Nicolas Pallois
75.3%
2011-12Yoan Gouffran
74%
2017-18Younousse Sankharé
73.6%
2016-17François Kamano
73.4%
2001-02David Jemmali
73.2%
2002-03David Jemmali
73.2%
2003-04David Jemmali
73.2%
2004-05David Jemmali
73.2%
2005-06David Jemmali
73.1%
2006-07David Jemmali
73.1%
2017-18Nicolas de Préville
72%
2006-07Johan Micoud
71.7%
2016-17Gaëtan Laborde
70.9%
2000-01Christophe Dugarry
70.4%
2001-02Christophe Dugarry
70.4%
2010-11Lamine Sané
69%
2011-12Lamine Sané
69%
2012-13Lamine Sané
69%
2013-14Lamine Sané
69%
2014-15Lamine Sané
69%
2014-15Diego Rolán
69%
2015-16Diego Rolán
69%
2010-11Jussiê
67.6%
2017-18Maxime Poundjé
67.2%
2016-17Youssouf Sabaly
67%
2011-12Nicolas Maurice-Belay
66.8%
2012-13Nicolas Maurice-Belay
66.8%
2013-14Nicolas Maurice-Belay
66.8%
2014-15Nicolas Maurice-Belay
66.8%
2016-17Valentín Vada
65.9%
2005-06Henrique
64.8%
2011-12Henrique
64.8%
2012-13Henrique
64.8%
2013-14Henrique
64.8%
2017-18Youssouf Sabaly
64.8%
2002-03Pascal Feindouno
64.6%
2003-04Pascal Feindouno
64.6%
2007-08David Bellion
64.5%
Season Player % Correct
2004-05Rio Mavuba
61.9%
2005-06Rio Mavuba
61.8%
2006-07Rio Mavuba
61.8%
2000-01Jérôme Bonnissel
60.2%
2012-13Grégory Sertic
60.1%
2013-14Grégory Sertic
60.1%
2014-15Grégory Sertic
60.1%
2012-13Henri Saivet
59.8%
2013-14Henri Saivet
59.8%
2015-16Henri Saivet
59.8%
2011-12Mariano
59.6%
2012-13Mariano
59.6%
2013-14Mariano
59.6%
2014-15Mariano
59.6%
2017-18Jules Koundé
59.2%
2001-02Kodjo Afanou
59.1%
2002-03Kodjo Afanou
59.1%
2001-02Eduardo Costa
57.2%
2002-03Eduardo Costa
57.2%
2003-04Eduardo Costa
57.2%
2001-02Aleksey Smertin
56.9%
2002-03Aleksey Smertin
56.9%
2014-15Thomas Touré
56.8%
2016-17Igor Lewczuk
56.8%
2006-07Alejandro Alonso
55.7%
2007-08Alejandro Alonso
55.7%
2000-01François Grenet
55.2%
2004-05Julien Faubert
54.1%
2005-06Julien Faubert
54%
2006-07Julien Faubert
54%
2017-18Lukas Lerager
52.8%
2001-02Bruno Basto
52.5%
2002-03Bruno Basto
52.5%
2003-04Bruno Basto
52.5%
2000-01David Sommeil
52.2%
2001-02David Sommeil
52.2%
2012-13Ludovic Obraniak
51.8%
2013-14Ludovic Obraniak
51.8%
2003-04Albert Riera
51.4%
2004-05Camel Meriem
50.6%
2010-11Anthony Modeste
50.4%
2000-01Alain Roche
48.9%
2001-02Alain Roche
48.9%
2004-05Juan Pablo Francia
48.9%
2015-16André Poko
47.1%
2010-11Fahid Ben Khalfallah
46.8%
2014-15Wahbi Khazri
46.8%
2015-16Wahbi Khazri
46.8%
2011-12Landry N'Guémo
46.3%
2013-14Landry N'Guémo
46.3%
2003-04Albert Celades
46.1%
2015-16Cédric Yambéré
46%
2015-16Clément Chantôme
46%
2004-05Cyril Rool
44.5%
2002-03Sávio
43.6%
2001-02Vikash Dhorasoo
43.4%
2002-03Marco Caneira
43.1%
2003-04Marco Caneira
43.1%
2017-18Théo Pellenard
42.4%
2005-06Bruno Cheyrou
39.9%
2000-01Laurent Batlles
39.5%
2004-05Michalis Kapsis
37.6%
2015-16Frédéric Guilbert
36.6%
2000-01Marc Wilmots
34.8%
2013-14Lucas Orbán
30.5%
2000-01Sylvain Legwinski
29.8%

You're not logged in!

Compare scores with friends on all Sporcle quizzes.
OR
Log In

You Might Also Like...

Show Comments

Extras

Created Mar 25, 2015SourceReportNominate
Tags:bordeaux, player, season, team, XIs

Top Quizzes Today


Score Distribution

Your Account Isn't Verified!

In order to create a playlist on Sporcle, you need to verify the email address you used during registration. Go to your Sporcle Settings to finish the process.

Report this User

Report this user for behavior that violates our Community Guidelines.

Details: